| 000 | 00772nam a2200241 a 4500 | ||
|---|---|---|---|
| 001 | 000031209 | ||
| 003 | DO-SdBNP | ||
| 005 | 20210517120725.0 | ||
| 008 | 110614s1961 dr 000 | spa d | ||
| 040 |
_aDO-SdBNP _bspa _cBNPHU |
||
| 082 | 4 |
_a616.994 _bP625a 1961 _222 |
|
| 100 | 1 |
_aPieter-Bennett, H. _957677 |
|
| 245 | 1 | 0 |
_aApuntes de cancerología : _bpara el prontuario del medico práctico / _cH. Pieter. |
| 250 | _a3a. ed. | ||
| 260 |
_aCiudad Trujillo, República Dominicana : _bArte y Cine, _c1961. |
||
| 300 |
_a132 p. ; _c22 cm. |
||
| 590 | _aInventariado, 2019 / DG | ||
| 650 | 4 |
_aNeoplasmas _925889 |
|
| 650 | 4 |
_aAncología _957680 |
|
| 710 | 2 |
_aLiga Dominicana Contra el Cáncer _957681 |
|
| 910 | _aValidado. Control de calidad MFF | ||
| 942 |
_2ddc _cLBS1 |
||
| 999 |
_c30701 _d30701 |
||